000 02141cam a2200589 i 4500
001 8244
003 KOSZ 005
005 20250618064344.0
008 250617s1963 pl a f 001 0 pol
015 _aUWD 1963/6680
035 _a991042764769705066
035 _a(PL-WaBN)b21501932-48omnis_nlop
035 _ab21501932
035 _a(OCoLC)751483349
035 _a(PL)b0000002150193
035 _a(EXLNZ-48OMNIS_NETWORK)9910162198805606
040 _aWA N
_cWA N
_dKOSZ 005/RW
041 1 _apol
_heng
046 _k1958
080 _a621.3
080 _a(07)
100 1 _aSeely, Samuel
_d(1909-1995)
_eAutor
245 1 0 _aUkłady elektroniczne /
_cS. Seely ; tłumaczenie pod kierunkiem Adama Smolińskiego J. Helsztyński [et al.].
246 1 _iTytuł oryginału:
_aElectron-tube circuits
250 _aWydanie 2.
260 _aWarszawa :
_bWydawnictwa Naukowo-Techniczne,
_c1963.
300 _a635, [1] stron :
_bilustracje ;
_c25 cm.
336 _aTekst
_btxt
_2rdacontent
337 _aBez urządzenia pośredniczącego
_bn
_2rdamedia
338 _aWolumin
_bnc
_2rdacarrier
380 _aKsiążki
380 _aPublikacje dydaktyczne
380 _aPublikacje fachowe
385 _mPoziom nauczania
_aSzkoły wyższe
388 1 _a1901-2000
388 1 _a1945-1989
500 _aDruk z klisz.
504 _aBibliografia przy rozdziałach. Indeks.
521 8 _aKsiążka jest przeznaczona dla ogółu inżynierów i techników teleelektryków oraz dla słuchaczy odpowiednich wydziałów wyższych szkół technicznych.
650 7 _aProstowniki
_2DBN
650 7 _aUkład elektroniczny
_2DBN
650 7 _aWzmacniacz
_2DBN
650 7 _aZasilacz
_2DBN
655 7 _aPodręcznik
658 _aInżynieria i technika
700 1 _aHelsztyński, Jerzy
_eTłumaczenie
700 1 _aSmoliński, Adam
_d(1910-1996)
_eRedakcja
710 2 _aWydawnictwa Naukowo-Techniczne
_4pbl
856 _uhttps://koha.tu.koszalin.pl/cgi-bin/koha/opac-detail.pl?biblionumber=8244
_yKatalog online BPK
942 _2UKD
_cKS
999 _c8244
_d8244